000
00334nam a2200145Ia 4500
008
210210b1902 xxu||||| |||| 00| 0 eng d
041
_a
eng
082
_a
825/1150
100
_a
SHELLEY
245
_a
Symonds
260
_a
London
_b
Macmillan & Co. Ltd.
_c
1902
650
_a
Symonds
690
_a
English Criticism
906
_a
015464
999
_c
134834
_d
134834